000
00306 a2200145 4500
001
179329
020
_a
040
_c
Magnum
100
_a
Helo
240
1
0
_a
Pim-pim: o ursinho travesso
_l
por
245
1
0
_a
Pim-pim: o ursinho travesso
362
0
_a
1899
697
_a
MAGNITO: I/ANIMAIS
942
_c
BK
999
_c
179329
_d
179329